• 首页
  • 本馆介绍
  • 公告通知
  • 最新文献
  • 馆藏检索
  • 电子资源
  • 读者导购
  • 参考咨询
  • 我的图书馆
  • 登录
  • 详细信息显示
  • 放入我的书架
  • 预约/预借图书
  • 作者相关作品
  • 分类相关作品
  • 丛书相关作品
  • 出版社相关作品

书目信息

  • 表格格式
  • 工作单格式
  • 卡片格式
题名:
中国动物志
    
 
作者: ;朱明生 , 王新平 , 张志升 著 ;中科院 主编
分册: 第五十九卷   无脊椎动物
出版信息: 北京   科学出版社  2018
页数: 727页
开本: 26cm
丛书名:
单 册:
中图分类: Q958.52 , Q958.2
科图分类:
主题词: 动物志--中国 , 无脊椎动物门--动物志--中国 , 蛛形纲--动物志--中国 , 蜘蛛目--动物志--中国 , 漏斗网蛛科--动物志--中国
电子资源:
ISBN: 978-7-03-054747-7
000 01689nam0 2200337 450
001 3869
005 20181009095952.39
010    @a978-7-03-054747-7@b精装@dCNY328.00
100    @a20180513d2018 em y0chiy50 ea
101 0  @achi@elat
102    @aCN@b110000
105    @aaf z 001yy
200 1  @a中国动物志@9zhong guo dong wu zhi@i无脊椎动物@h第五十九卷@i蛛形纲@i蜘蛛目@i漏斗蛛科 暗蛛科@dFauna sinica@iInvertebrata@hVol. 59@iArachnida@iAraneae@iAgelenidae and amaurobiidae@f中国科学院中国动物志编辑委员会主编@g朱明生,王新平,张志升著@zeng
210    @a北京@c科学出版社@d2018
215    @a727页@c图@d26cm
300    @a国家科学技术学术著作出版基金资助出版 国家自然科学基金重大项目 中国科学院知识创新工程重大项目 国家自然科学基金委员会、中国科学院、科学技术部资助
330    @a本志分总论和各论,共记述中国漏斗蛛科4亚科(含2新亚科)26属358种(含44新种)和暗蛛科1属10种。在总论中,运用支序系统学原理和方法对中国漏斗蛛科和暗蛛科的系统发育关系进行了分析和探讨;各论包括科、亚科、属和种的检索表和形态特征、生物学和地理分布等内容。提供了包括所有新种在内的368种蜘蛛的384幅手绘图和5幅彩色图版。
510 1  @aFauna sinica@iInvertebrata@hVol. 59@iArachnida@iAraneae@iAgelenidae and amaurobiidae@zeng
606 0  @a动物志@y中国
606 0  @a无脊椎动物门@x动物志@y中国
606 0  @a蛛形纲@x动物志@y中国
606 0  @a蜘蛛目@x动物志@y中国
606 0  @a漏斗网蛛科@x动物志@y中国
690    @aQ958.52@v5
690    @aQ958.2@v4
702  0 @a朱明生@9zhu ming sheng@4著
702  0 @a王新平@9wang xin ping@4著
702  0 @a张志升@9zhang zhi sheng@4著
711 02 @a中科院@9zhong ke yuan@b中国动物志编委会@4主编
801  0 @aCN@b91MARC@c20180513
905    @aMuseLib@dQ958.2@e11:12(59)
    
    中国动物志.无脊椎动物.第五十九卷.蛛形纲.蜘蛛目.漏斗蛛科 暗蛛科=Fauna sinica.Invertebrata.Vol. 59.Arachnida.Araneae.Agelenidae and amaurobiidae/中国科学院中国动物志编辑委员会主编/朱明生,王新平,张志升著.-北京:科学出版社,2018
    727页:图;26cm
    国家科学技术学术著作出版基金资助出版 国家自然科学基金重大项目 中国科学院知识创新工程重大项目 国家自然科学基金委员会、中国科学院、科学技术部资助
    
    ISBN 978-7-03-054747-7(精装):CNY328.00
    本志分总论和各论,共记述中国漏斗蛛科4亚科(含2新亚科)26属358种(含44新种)和暗蛛科1属10种。在总论中,运用支序系统学原理和方法对中国漏斗蛛科和暗蛛科的系统发育关系进行了分析和探讨;各论包括科、亚科、属和种的检索表和形态特征、生物学和地理分布等内容。提供了包括所有新种在内的368种蜘蛛的384幅手绘图和5幅彩色图版。
●
相关链接 在E读中查询图书 在五车中查询图书 在当当中查询图书 在豆瓣中查询图书


正题名:中国动物志     索取号:Q958.2/11:12(59)         预约/预借

序号 登录号 条形码 馆藏地/架位号 状态 备注
1 1123987   211239872   第二样本阅览室/ [索取号:Q958.2/11:12(59)] 在馆    
2 1123988   211239881   第三借阅区/ [索取号:Q958.2/11:12(59)] 在馆    
唐山师范学院图书馆 欢迎您!
大连网信软件有限公司© 版权所有